Name a Valid Book of the Bible A-Z - Statistics

General Stats
  • This quiz has been taken 49 times
  • The average score is 14 of 18
Answer Stats
Letter Answers % Correct
E Ecclesiastes | Ephesians | Esther | Exodus | Ezekiel | Ezra
93%
G Galatians | Genesis
93%
J James | Jeremiah | Job | Joel | John | 1 John | 2 John | 3 John | Jonah | Joshua | Jude | Judges
93%
L Lamentations | Leviticus | Luke
93%
D Daniel | Deuteronomy
90%
M Malachi | Mark | Matthew | Micah
85%
R Revelation | Romans | Ruth
83%
C 1 Chronicles | 2 Chronicles | Colossians | 1 Corinthians | 2 Corinthians
80%
P 1 Peter | 2 Peter | Philemon | Philippians | Proverbs | Psalms
80%
A Acts | Amos
75%
N Nahum | Nehemiah | Numbers
75%
K 1 Kings | 2 Kings
73%
I Isaiah
70%
S 1 Samuel | 2 Samuel | Songs of Solomon
68%
H Habakkuk | Haggai | Hebrews | Hosea
68%
T 1 Thessalonians | 2 Thessalonians | 1 Timothy | 2 Timothy | Titus
63%
O Obadiah
58%
Z Zechariah | Zephaniah
53%
No matching quizzes found
Score Distribution
Percent of People with Each Score
Percentile by Number Answered
Your Score History
You have not taken this quiz